000 00471nam a22001457a 4500
005 20180804122448.0
020 _a8178241587
_c595.00
035 _aB-228110, B-228109, B-228112
037 _aDPL
_bENG
100 _aGuha, Ramachandra
245 _aHow much should a person consume? :
_bThinking through the environment /
_cby Ramachandra Guha
260 _aDelhi
_bPermanent black
_c2006
300 _axi, 262p.
_c20 cms.
942 _2ddc
_cEN
_h333.714
_mGUH
999 _c66416
_d66416